000 00699nam a2200217Ia 4500
003 GCL
008 140319s9999 xx 000 0 ara d
040 _aGCL /
_cGCL
082 0 4 _aق
_b962.3
_bع ب
100 1 _aمصطفى عامر
245 1 0 _aبلاد النوبة /
_cمصطفى عامر
700 1 _aعبدالمنعم ابوبكر
700 1 _aزكى سعد
260 _aالقاهرة :
_bوزارة الثقافة والارشاد القومى ،
_c1962
300 _a254 ص ؛
_c22 سم
650 0 4 _aمصر القديمة
650 0 4 _aالاثار الفرعونية
650 0 4 _aالمعابد
650 0 4 _aالنوبة - مصر - تاريخ قديم
942 _2ddc
_cBK
999 _c36544
_d36544